Statistics for On This Day (July 28th) Multiple Choice

Click here to take the quiz!

General Stats

  • This quiz has been taken 12 times
  • The average score is 6 of 15

Answer Stats

QuestionAnswer% Correct
1935 – The first flight of which aircraft takes place ?Boeing B-17 Flying Fortress
75%
1984 – The Summer Olympics officially known as the "Games of the XXIII Olympiad" were opened in which city ?Los Angeles
75%
1866 – Beatrix Potter, English children's book writer and illustrator is born. She is best known for inventing which character ?Peter Rabbit
75%
1866 – At the age of 18, Vinnie Ream becomes the first and youngest female artist to receive a commission from the US government for a statue of which president ?Abraham Lincoln
63%
1854 – USS Constellation, the last all-sail warship built by the United States Navy is commissioned. She is now a museum in which harbour ?Baltimore
63%
2017 – Prime Minister of Pakistan, Nawaz Sharif was disqualified for life by the Supreme Court of Pakistan that found him guilty of what ?Corruption
63%
2002 – Nine coal miners trapped in the flooded Quecreek Mine in which US state, are rescued after 77 hours underground ?Pennsylvania
50%
1896 – Which city in Florida is incorporated ?Miami
38%
1914 – In the culmination of the July Crisis, Austria-Hungary declares war on which country, igniting World War I ?Serbia
38%
1571 – La Laguna encomienda, known today as the Laguna province is founded by the Spaniards as one of the oldest provinces in which country ?Philippines
25%
1973 – Summer Jam at Watkins Glen: Approximately how many people attend a rock festival at the Watkins Glen International Raceway ?600,000
13%
1821 – José de San Martín declares the independence of which country from Spain ?Peru
13%
1996 – The remains of what are discovered near Kennewick, Washington, USA ?A prehistoric man
0%
1540 – Thomas Cromwell is executed at the order of Henry VIII of England on charges of treason. Henry marries which of his wives on the same day ?Catherine Howard
0%
1943 – World War II: Operation Gomorrah: The Royal Air Force bombs which city causing a firestorm that kills 42,000 German civilians ?Hamburg
0%

Score Distribution

Percentile by Number Answered

Percent of People with Each Score

Your Score History

You have not taken this quiz